000 01034nam a22001697a 4500
003 SGT
020 _a9788126509119
082 _a546,DOU
100 _aDOUGLAS,BODIE
245 _aCONCEPTS AND MODEL OF INORGANIC CHEMISTRY
250 _a3RD
260 _aNEW DELHI
_bWILEY
_c2015
300 _a928
650 _a INORGANIC CHEMISTRY
653 _aPART I SOME BASIC CONCEPTS • ATOMIC STRUCTURE AND THE PERIODIC TABLE • MOLECULAR MODELS • SYMMETRY PART II BONDING AND STRUCTURE • DISCRETE MOLECULES: MOLECULAR ORBITALS • INORGANIC SOLIDS: IONIC MODELS PART III CHEMICAL REACTIONS • ACIDS AND BASES • OXIDATION-REDUCTION REACTIONS PART IV COORDINATION CHEMISTRY • MODELS AND STEREOCHEMISTRY • SPECTRA AND BONDING PART V ORGANOMETALLIC CHEMISTRY • GENERAL PRINCIPLES • ORGANOMETALLIC REACTIONS, MECHANISMS AND CATALYSIS PART VI SELECTED TOPICS • CHEMISTRY OF SOME NONMETALS • CLUSTER AND CAGE COMPOUNDS • BIOINORGANIC CHEMISTRY
942 _2ddc
_cFPS
999 _c9893
_d9893